000 00727nam a2200301Ia 4500
008 210210b2007 xxu||||| |||| 00| 0 eng d
020 _a8131100316
041 _aeng
082 _a070.1 PRAM
100 _aPRABHAKAR (Naval)
245 _aMass media: origin and development
260 _aNew Delhi
_bCommonwealth
_c2007
300 _a269
650 _aworldwide web
650 _aorigin
650 _anews paper
650 _amedia:
650 _amass media effect
650 _aMass
650 _ainterpersonal communication
650 _ainternet
650 _afilm and television
650 _adevelopment
650 _aand
690 _aJournalism
700 _aBASU (Narendra)
906 _a063982
999 _c139545
_d139545